[Event "Reg Gillman mem-C corr"]
[Site "England"]
[Date "1999.12.01"]
[Round "?"]
[White "Nielsen, Mogens"]
[Black "Pichler, Maximilian"]
[Result "1-0"]
[WhiteElo "2382"]
[BlackElo "2449"]
[PlyCount "29"]
[EventDate "1999.12.01"]
[EventType "tourn (corr)"]
[EventRounds "12"]
[EventCountry "ENG"]
[EventCategory "6"]
[SourceTitle "Corr 2006"]
[Source "ChessBase"]
[SourceDate "2006.04.01"]
[SourceVersion "3"]
[SourceVersionDate "2006.04.01"]
[SourceQuality "1"]

1. e4 e6 2. d4 d5 3. e5 c5 4. c3 Nc6 5. Nf3 Qb6 6. Bd3 cxd4 7. cxd4 Bd7 8. 0-0 Nxd4 9. Ng5 Nc6 10. Nc3 g6 11. Re1 Bg7 12. Qf3 Nh6 13. Bf4 Nd4 14. Qh3 Qxb2 15. Nxd5 1-0

[Event "Reg Gillman mem-C corr"]
[Site "England"]
[Date "1999.12.01"]
[Round "?"]
[White "Pichler, Maximilian"]
[Black "Sowden, Edward C"]
[Result "1-0"]
[WhiteElo "2449"]
[BlackElo "2353"]
[PlyCount "69"]
[EventDate "1999.12.01"]
[EventType "tourn (corr)"]
[EventRounds "12"]
[EventCountry "ENG"]
[EventCategory "6"]
[SourceTitle "Corr 2002"]
[Source "ChessBase"]
[SourceDate "2002.05.23"]
[SourceVersion "1"]
[SourceVersionDate "2002.05.23"]
[SourceQuality "1"]

1. e4 e6 2. d4 d5 3. e5 c5 4. c3 Nc6 5. Nf3 Qb6 6. a3 Nh6 7. b4 cxd4 8. Bxh6 gxh6 9. cxd4 Rg8 10. Nc3 Rg4 11. h3 Rf4 12. Na4 Bxb4+ 13. axb4 Qxb4+ 14. Qd2 Nxd4 15. Nxd4 Rxd4 16. Qxb4 Rxb4 17. Bd3 Bd7 18. Nc5 Bb5 19. Bxh7 Bc4 20. Kd2 Rb2+ 21. Bc2 Rc8 22. Na4 Rb4 23. Rhb1 Rxb1 24. Rxb1 b6 25. Nb2 Kd8 26. Nxc4 Rxc4 27. Bd3 Ra4 28. Rb2 Ke7 29. Bc2 Ra1 30. Bd1 Ra5 31. Rb4 Kf8 32. Ra4 Rxa4 33. Bxa4 Ke7 34. Bb5 f6 35. f4 1-0

[Event "Reg Gillman mem-C corr"]
[Site "England"]
[Date "1999.12.01"]
[Round "?"]
[White "Veen, Hans"]
[Black "Pichler, Maximilian"]
[Result "1-0"]
[WhiteElo "2492"]
[BlackElo "2449"]
[PlyCount "83"]
[EventDate "1999.12.01"]
[EventType "tourn (corr)"]
[EventRounds "12"]
[EventCountry "ENG"]
[EventCategory "6"]
[SourceTitle "Corr 2006"]
[Source "ChessBase"]
[SourceDate "2006.04.01"]
[SourceVersion "3"]
[SourceVersionDate "2006.04.01"]
[SourceQuality "1"]

1. c4 Nf6 2. Nc3 e5 3. g3 Bb4 4. Qb3 Nc6 5. Nd5 Bc5 6. e3 0-0 7. Bg2 b6 8. Ne2 Bb7 9. 0-0 Re8 10. Nec3 Nxd5 11. cxd5 Ne7 12. f4 Ba6 13. Rf2 exf4 14. Rxf4 Bd6 15. Rf2 Bd3 16. Nb5 Bxb5 17. Qxb5 a6 18. Qb3 a5 19. d4 Ng6 20. e4 f6 21. Be3 Qe7 22. Rc1 Rf8 23. Qd1 Rae8 24. Rf5 Rc8 25. Qd3 Kh8 26. Rh5 Kg8 27. Qb3 Qe8 28. Rf5 Rf7 29. Bd2 Re7 30. Qd3 Nh8 31. Rcf1 Qg6 32. a3 Qe8 33. Qe2 Ng6 34. Qf3 a4 35. Qg4 c5 36. e5 fxe5 37. Bg5 exd4 38. Bxe7 Bxe7 39. d6 Bf6 40. Bd5+ Kh8 41. Rh5 Ne5 42. Qh3 1-0